| 000 | 02172cam a22005174i 4500 | ||
|---|---|---|---|
| 003 | PE-LiUPU | ||
| 005 | 20250731180130.0 | ||
| 008 | 150625s r 000 0 d | ||
| 020 | _a8403202512 | ||
| 035 | _a(Sirsi) i9788403202511 | ||
| 040 |
_aPE-LiUPU _bspa _cPE-LiUPU _erda |
||
| 049 | _aPRUA | ||
| 082 | 0 | 4 |
_a517.1 _bT48 _221 |
| 100 | 1 |
_aThomas, George Brinton, _eautor. |
|
| 245 | 1 | 0 |
_aCálculo infenitesimal : _by geometría analítica / _cGeorge B. Thomas. |
| 264 | 1 |
_aMadrid : _bAguilar, _c1974. |
|
| 300 |
_a1212 páginas : _bilustraciones, figuras ; _c24 centímetros |
||
| 336 |
_atext _2rdacontent |
||
| 337 |
_aunmediated _2rdamedia |
||
| 338 |
_avolume _2rdacarrier |
||
| 505 | 0 | _aDerivada de una función. -Límites. -Derivadas de las funciones algebraicas. -Aplicaciones de las derivadas. -Integración. -Aplicaciones de la integral definida. -Funciones trascendentes. -Funciones hiperbólicas. -Métodos de integración. -Geometría analítica plana. -Coordenadas polares. -Vecotres y ecuaciones paramétricas. -Algebra lineal. - Funciones vectoriales y sus derivadas. -Derivadas parciales. -Integrales múltiples. -Análisis vectorial. -Series. -Números complejos y funciones de variable compleja. -Ecuaciones diferenciales. -Determinantes y ecuaciones lineales. | |
| 526 | _aSEG44 | ||
| 526 | _aSEG26 | ||
| 526 | _aP159 | ||
| 526 | _aP155 | ||
| 526 | _aP154 | ||
| 526 | _aP153 | ||
| 526 | _aP150 | ||
| 526 | _aP100 | ||
| 526 | _aP31 | ||
| 526 | _aP30 | ||
| 526 | _aP26 | ||
| 526 | _aP25 | ||
| 526 | _aP24 | ||
| 526 | _aP22 | ||
| 526 | _aP15 | ||
| 526 | _aP10 | ||
| 650 | 0 | 4 | _aCálculo infinitesimal. |
| 650 | 0 | 4 |
_aGeometría Analítica. _921 |
| 942 |
_2ddc _cBOOK |
||
| 949 |
_a517.1 T48 _wDEWEY _c1 _i55189 _lCCODEBUL1 _mBUL _p15.00 _r0 _sY _tBOOK _u2015-6-25 _xINGENIERIA _zUNKNOWN _0COMPRA _o.STAFF. Colección General |
||
| 994 |
_aC0 _bPEPRU |
||
| 596 | _a1 | ||
| 999 |
_a517.1 T48 _wDEWEY _c44117 _i55189 _e2017-1-27 _f2021-11-9 _g7 _lCCODEBUL1 _mBUL _n1 _p15.00 _r0 _sY _tBOOK _u2015-6-25 _xINGENIERIA _zUNKNOWN _0COMPRA _o.STAFF. Colección General _d44117 |
||
| 980 |
_81 _gALBERTO SANCHEZ Responsable de Automatización |
||